Nicaraguan antiquities / (Record no. 152579)

MARC details
000 -LEADER
campo de control de longitud fija 00767nam a22002055i 4500
001 - NÚMERO DE CONTROL
campo de control 152579
003 - IDENTIFICADOR DE NÚMERO DE CONTROL
campo de control ES-MaACL
005 - FECHA Y HORA DE LA ÚLTIMA TRANSACCIÓN
campo de control 20230906204813.0
008 - DATOS DE LONGITUD FIJA--INFORMACIÓN GENERAL
campo de control de longitud fija 051018s1886 sw a | |||||||| ||eng d
040 ## - FUENTE DE CATALOGACIÓN
Centro catalogador/agencia de origen CAM
Lengua de catalogación spa
Centro/agencia transcriptor CAM
100 1# - ENTRADA PRINCIPAL--NOMBRE DE PERSONA
Nombre de persona Bovallius, Carl.
9 (RLIN) 31109
245 10 - MENCIÓN DEL TÍTULO
Título Nicaraguan antiquities /
Mención de responsabilidad, etc. by Carl Bovallius.
260 ## - PUBLICACIÓN, DISTRIBUCIÓN, ETC.
Lugar de publicación, distribución, etc. Stockholm :
Nombre del editor, distribuidor, etc. Kongl. Boktryckeriet,
Fecha de publicación, distribución, etc. 1886.
300 ## - DESCRIPCIÓN FÍSICA
Extensión 50, [1] p., 41 h. de lám., 2 h. de mapas ;
Dimensiones 31 cm.
594 ## - Nota al título y mención de responsabilidad
Nota al título y mención de responsabilidad Precede al tit.: Swedish Society of Anthropology and Geography.
599 ## - NOTA A LAS ILUSTRACIONES
NOTA A LAS ILUSTRACIONES Las h. de mapas, mapa de Nicaragua y Costa Rica, y mapa de la Isla de Zapatera.
651 #4 - PUNTO DE ACCESO ADICIONAL DE MATERIA--NOMBRE GEOGRÁFICO
Nombre geográfico Nicaragua-
Subdivisión general Restos arqueológicos.
9 (RLIN) 137284
752 ## - ENTRADA AGREGADA--NOMBRE JERÁRQUICO DEL LUGAR
País o entidad superior Suecia -
Ciudad Estocolomo
852 ## - LOCALIZACIÓN
Ubicación ES-MaACL
Número de control de estantería B-12032
Nota libre -- Enc. cartón
Holdings
Estatus retirado Estado de pérdida Estado de daño No para préstamo Colección Biblioteca de origen Biblioteca actual Ubicación en estantería Fecha de adquisición Fuente de adquisición Total de préstamos Signatura topográfica completa Código de barras Visto por última vez Precio de reemplazo Tipo de ítem Koha
        Libros del s. XIX Biblioteca del Ateneo de Madrid Biblioteca del Ateneo de Madrid Sala Pardo Bazán 17/01/2008     B-12032 1159333 23/02/2023 23/02/2023 Libro impreso antiguo